00489cam a22001692 4500001001100000005001700011008004100028020002900069040001500098050002100113100003400134245003500168250001200203260004300215300001800258650004300276000000333720151217161132.0070503s xx 000 0 eng d a0333786157 :cKES 22,185 aKABUcKABU 0aJF251b.D34 20001 ada Graca, John V.@000015316910aHeads of state and government. a2nd ed. aNew York :bSt. Martin's Press,c2000. aviii, 1222 p. 0aHeads of statexBiography.@0000153170